[Event "Vecindario Montalvo Memorial 16th"]
[Site "Vecindario"]
[Date "2024.03.23"]
[Round "1"]
[White "Morell Rojas, Samuel"]
[Black "Fernandez Manrique, Agustin"]
[Result "0-1"]
[WhiteElo "1590"]
[BlackElo "2017"]
[PlyCount "72"]
[EventDate "2024.03.23"]
[EventType "swiss"]
[EventRounds "9"]
[EventCountry "ESP"]
[SourceTitle "CB15_2024"]
[SourceDate "2024.04.10"]
[SourceVersion "1"]
[SourceVersionDate "2024.04.10"]
[SourceQuality "1"]

1. e4 d6 2. d4 Nf6 3. Bd3 e5 4. dxe5 dxe5 5. Nf3 Nbd7 6. 0-0 Be7 7. Nc3 c6 8. Be3 Ng4 9. Bc4 Nxe3 10. fxe3 0-0 11. Nd2 Bc5 12. Qf3 Nf6 13. Qg3 Qxd2 14. Rxf6 Qxe3+ 15. Qxe3 Bxe3+ 16. Rf2 Be6 17. Bd3 Rad8 18. Kf1 Bxf2 19. Kxf2 g6 20. Re1 Kg7 21. h3 b5 22. a3 h5 23. h4 f5 24. exf5 Bxf5 25. Bxf5 Rxf5+ 26. Kg3 Rd2 27. Re2 Rxe2 28. Nxe2 Kf6 29. Nc3 Rf4 30. Kh3 Kf5 31. Kg3 Rc4 32. Nd1 Re4 33. Nc3 Rd4 34. Na2 a5 35. Nc3 Rd2 36. Kf3 Rxc2 0-1

[Event "Gran Canaria Vecindario op 1st"]
[Site "Gran Canaria"]
[Date "2023.11.04"]
[Round "1"]
[White "Morell Rojas, Samuel"]
[Black "Gilardone, Adriano"]
[Result "0-1"]
[WhiteElo "1245"]
[BlackElo "2071"]
[PlyCount "34"]
[EventDate "2023.11.04"]
[EventType "swiss"]
[EventRounds "9"]
[EventCountry "ESP"]
[SourceTitle "CB46_2023"]
[SourceDate "2023.11.15"]
[SourceVersion "1"]
[SourceVersionDate "2023.11.15"]
[SourceQuality "1"]

1. e4 d5 2. exd5 Nf6 3. Bc4 Nxd5 4. Qf3 Nf6 5. d3 Nc6 6. Bg5 Ne5 7. Qf4 Nxc4 8. Qxc4 c6 9. Nf3 h6 10. Bh4 Bf5 11. Nc3 e6 12. Ne4 Qa5+ 13. c3 Nd5 14. 0-0 Qc7 15. Nd4 Bg6 16. f4 Ne3 17. Nxe6 Qb6 0-1

[Event "ESP-ch U10"]
[Site "Salobrena"]
[Date "2023.07.07"]
[Round "8"]
[White "Mari Montes, Xavier"]
[Black "Morell Rojas, Samuel"]
[Result "1-0"]
[WhiteElo "1114"]
[BlackElo "1216"]
[PlyCount "43"]
[EventDate "2023.07.03"]
[EventType "swiss"]
[EventRounds "9"]
[EventCountry "ESP"]
[SourceTitle "EXT 2024"]
[Source "ChessBase"]
[SourceDate "2023.10.10"]
[SourceVersion "1"]
[SourceVersionDate "2023.10.10"]
[SourceQuality "1"]

1. d4 d5 2. Nc3 Nf6 3. Bf4 c6 4. e3 Bf5 5. Nf3 e6 6. Bd3 Bg6 7. 0-0 Bd6 8. Re1 Bxf4 9. exf4 Bxd3 10. Qxd3 Nbd7 11. f5 c5 12. dxc5 Nxc5 13. Qb5+ Ncd7 14. fxe6 fxe6 15. Rxe6+ Kf7 16. Rae1 Kg6 17. Qd3+ Kh6 18. Qf5 g6 19. Qg5+ Kg7 20. Re7+ Kg8 21. Nxd5 Nxd5 22. Qxd5+ 1-0